000170312 001__ 170312
000170312 005__ 20260410165451.0
000170312 0247_ $$2doi$$a10.5899/2012/cna-00117
000170312 0248_ $$2sideral$$a88188
000170312 037__ $$aART-2012-88188
000170312 041__ $$aeng
000170312 100__ $$0(orcid)0000-0003-4055-3390$$aLópez-Ruiz, R$$uUniversidad de Zaragoza
000170312 245__ $$aHeisenberg uncertainty relation and statistical measures in the square well
000170312 260__ $$c2012
000170312 5203_ $$aA non stationary state in the one-dimensional infinite square well formed by a combination of the ground state and the first excited one is considered. The statistical complexity and the Fisher-Shannon entropy in position and momentum are calculated with time for this system. These measures are compared with the Heisenberg uncertainty relation, ∆x∆p. It is observed that the extreme values of ∆x∆p coincide in time with extreme values of the other two statistical magnitudes.
000170312 540__ $$9info:eu-repo/semantics/closedAccess$$aAll rights reserved$$uhttp://www.europeana.eu/rights/rr-f/
000170312 655_4 $$ainfo:eu-repo/semantics/article$$vinfo:eu-repo/semantics/submittedVersion
000170312 700__ $$aSañudo, J.
000170312 7102_ $$15007$$2075$$aUniversidad de Zaragoza$$bDpto. Informát.Ingenie.Sistms.$$cÁrea Ciencia Comput.Intelig.Ar
000170312 773__ $$g2012, 00117 (2012), [7 pp.]$$pCommun. numer. anal.$$tCommunications in numerical analysis$$x2193-4215
000170312 8564_ $$s176531$$uhttps://zaguan.unizar.es/record/170312/files/texto_completo.pdf$$yPreprint
000170312 8564_ $$s1622229$$uhttps://zaguan.unizar.es/record/170312/files/texto_completo.jpg?subformat=icon$$xicon$$yPreprint
000170312 909CO $$ooai:zaguan.unizar.es:170312$$particulos$$pdriver
000170312 951__ $$a2026-04-10-13:46:21
000170312 980__ $$aARTICLE